共通テストの会場が置かれている市区町村 - Statistics

General Stats
  • This quiz has been taken 109 times
  • The average score is 154 of 271
Answer Stats
都道府県 市区町村 % Correct
北海道 札幌市
92%
北海道 旭川市
90%
北海道 釧路市
90%
北海道 帯広市
89%
北海道 函館市
89%
青森県 青森市
89%
青森県 弘前市
88%
北海道 室蘭市
86%
北海道 北見市
86%
北海道 稚内市
86%
青森県 八戸市
86%
北海道 小樽市
85%
岩手県 盛岡市
85%
茨城県 水戸市
83%
北海道 苫小牧市
82%
宮城県 仙台市
82%
岩手県 花巻市
81%
秋田県 秋田市
81%
山形県 山形市
81%
福島県 福島市
81%
栃木県 宇都宮市
81%
群馬県 前橋市
81%
群馬県 高崎市
81%
茨城県 つくば市
79%
埼玉県 さいたま市
79%
北海道 千歳市
78%
青森県 むつ市
78%
福島県 会津若松市
78%
福島県 郡山市
78%
福島県 いわき市
78%
宮城県 石巻市
76%
埼玉県 川越市
76%
千葉県 千葉市
76%
茨城県 日立市
75%
山形県 酒田市
74%
神奈川県 横浜市
74%
青森県 十和田市
72%
山形県 鶴岡市
72%
栃木県 小山市
72%
埼玉県 越谷市
72%
千葉県 船橋市
72%
東京都 八王子市
72%
神奈川県 川崎市
72%
群馬県 伊勢崎市
71%
東京都 品川区
71%
東京都 江東区
69%
北海道 名寄市
68%
岩手県 宮古市
68%
千葉県 市川市
68%
東京都 港区
68%
東京都 千代田区
68%
東京都 北区
68%
神奈川県 横須賀市
68%
神奈川県 相模原市
68%
新潟県 新潟市
68%
石川県 金沢市
68%
福井県 福井市
68%
長野県 長野市
68%
群馬県 太田市
67%
千葉県 木更津市
67%
千葉県 成田市
67%
東京都 渋谷区
67%
東京都 町田市
67%
東京都 新宿区
67%
東京都 世田谷区
67%
東京都 杉並区
67%
東京都 足立区
67%
新潟県 長岡市
67%
富山県 富山市
67%
山梨県 甲府市
67%
長野県 松本市
67%
滋賀県 大津市
67%
京都府 京都市
67%
千葉県 銚子市
65%
東京都 文京区
65%
東京都 豊島区
65%
東京都 練馬区
65%
新潟県 上越市
65%
石川県 小松市
65%
長野県 上田市
65%
大阪府 大阪市
65%
千葉県 松戸市
64%
愛知県 名古屋市
64%
大阪府 堺市
64%
大阪府 東大阪市
64%
兵庫県 神戸市
64%
和歌山県 和歌山市
64%
山口県 山口市
64%
宮城県 名取市
63%
秋田県 大館市
63%
栃木県 足利市
63%
千葉県 柏市
63%
東京都 葛飾区
63%
東京都 中野区
63%
神奈川県 平塚市
63%
神奈川県 藤沢市
63%
岐阜県 岐阜市
63%
三重県 伊勢市
63%
兵庫県 西宮市
63%
奈良県 奈良市
63%
広島県 広島市
63%
山口県 下関市
63%
香川県 高松市
63%
愛媛県 松山市
63%
高知県 高知市
63%
宮崎県 宮崎市
63%
鹿児島県 鹿児島市
63%
千葉県 習志野市
61%
千葉県 市原市
61%
東京都 台東区
61%
東京都 多摩市
61%
東京都 三鷹市
61%
東京都 板橋区
61%
静岡県 静岡市
61%
愛知県 豊橋市
61%
愛知県 豊田市
61%
三重県 津市
61%
三重県 四日市市
61%
滋賀県 彦根市
61%
滋賀県 草津市
61%
大阪府 豊中市
61%
兵庫県 姫路市
61%
島根県 松江市
61%
岡山県 岡山市
61%
岡山県 倉敷市
61%
広島県 福山市
61%
徳島県 徳島市
61%
福岡県 福岡市
61%
佐賀県 佐賀市
61%
長崎県 長崎市
61%
大分県 大分市
61%
沖縄県 那覇市
61%
千葉県 浦安市
60%
東京都 目黒区
60%
神奈川県 厚木市
60%
静岡県 浜松市
60%
愛知県 一宮市
60%
鳥取県 鳥取市
60%
山口県 周南市
60%
長崎県 佐世保市
60%
熊本県 熊本市
60%
東京都 武蔵野市
58%
岐阜県 大垣市
58%
静岡県 沼津市
58%
愛知県 岡崎市
58%
京都府 福知山市
58%
広島県 呉市
58%
福岡県 北九州市
58%
福岡県 久留米市
58%
宮崎県 延岡市
58%
東京都 国立市
57%
静岡県 三島市
57%
広島県 東広島市
57%
北海道 江別市
56%
埼玉県 草加市
56%
千葉県 野田市
56%
東京都 国分寺市
56%
三重県 鈴鹿市
56%
滋賀県 長浜市
56%
兵庫県 加古川市
56%
奈良県 橿原市
56%
島根県 浜田市
56%
大分県 別府市
56%
宮崎県 都城市
56%
千葉県 流山市
54%
東京都 調布市
54%
新潟県 三条市
54%
静岡県 富士市
54%
大阪府 吹田市
54%
大阪府 茨木市
54%
大阪府 枚方市
54%
兵庫県 豊岡市
54%
岡山県 津山市
54%
山口県 山陽小野田市
54%
徳島県 鳴門市
54%
鹿児島県 薩摩川内市
54%
沖縄県 石垣市
54%
新潟県 柏崎市
53%
大阪府 寝屋川市
53%
広島県 三原市
53%
山口県 萩市
53%
福島県 南相馬市
51%
新潟県 新発田市
51%
長野県 塩尻市
51%
岐阜県 各務原市
51%
静岡県 磐田市
51%
京都府 京田辺市
51%
大阪府 八尾市
51%
千葉県 我孫子市
50%
石川県 野々市市
50%
長野県 佐久市
50%
岐阜県 関市
50%
愛知県 刈谷市
50%
愛知県 春日井市
50%
広島県 尾道市
50%
鹿児島県 奄美市
50%
鹿児島県 鹿屋市
50%
沖縄県 名護市
50%
京都府 亀岡市
49%
大阪府 摂津市
49%
奈良県 天理市
49%
埼玉県 深谷市
47%
岐阜県 中津川市
47%
大阪府 富田林市
47%
大阪府 和泉市
47%
鹿児島県 霧島市
47%
埼玉県 東松山市
46%
大阪府 大東市
46%
和歌山県 紀の川市
46%
東京都 日野市
44%
岐阜県 羽島市
44%
愛知県 長久手市
44%
福岡県 大牟田市
44%
福岡県 飯塚市
44%
埼玉県 行田市
43%
千葉県 八千代市
43%
東京都 小平市
43%
富山県 射水市
43%
山梨県 都留市
43%
岐阜県 可児市
43%
兵庫県 赤穂市
43%
兵庫県 三木市
43%
岡山県 総社市
43%
栃木県 大田原市
42%
石川県 かほく市
42%
長野県 茅野市
42%
愛知県 犬山市
42%
愛知県 稲沢市
42%
京都府 京丹後市
42%
大阪府 松原市
42%
福岡県 宗像市
42%
東京都 小金井市
40%
静岡県 袋井市
40%
愛知県 みよし市
40%
大阪府 羽曳野市
40%
福岡県 太宰府市
40%
埼玉県 飯能市
39%
愛知県 日進市
39%
大阪府 柏原市
39%
兵庫県 淡路市
39%
香川県 さぬき市
39%
埼玉県 新座市
38%
神奈川県 伊勢原市
38%
東京都 清瀬市
36%
愛知県 東海市
36%
島根県 隠岐の島町
36%
岩手県 滝沢市
35%
高知県 香美市
35%
千葉県 東金市
33%
山梨県 上野原市
33%
兵庫県 加東市
33%
香川県 善通寺市
33%
埼玉県 坂戸市
32%
岡山県 高梁市
32%
茨城県 龍ケ崎市
31%
福岡県 田川市
31%
福井県 永平寺町
28%
岐阜県 瑞穂市
26%
新潟県 加茂市
21%
大阪府 熊取町
19%
大阪府 河南町
19%
愛知県 美浜町
18%
福岡県 大川市
18%
群馬県 玉村町
17%
埼玉県 宮代町
17%
宮城県 大和町
15%
茨城県 阿見町
15%
奈良県 広陵町
14%
福岡県 苅田町
14%
沖縄県 西原町
14%
長野県 駒ケ根市
11%
No matching quizzes found
Score Distribution
Percent of People with Each Score
Percentile by Number Answered
Your Score History
You have not taken this quiz